| 000 | 02832nam a2200325 i 4500 | ||
|---|---|---|---|
| 001 | 000026697 | ||
| 003 | DO-SdBNP | ||
| 005 | 20240705073646.0 | ||
| 007 | ta | ||
| 008 | 110324s1988 dr r 000 0 spa d | ||
| 040 |
_aDO-SdBNP _bspa _cBNPHU _erda |
||
| 082 | 4 |
_a980.031 _bH831a _222 |
|
| 100 | 1 |
_aHostos, Eugenio María de, _d1839-1903 _eautor _91352 |
|
| 245 | 1 | 0 |
_aAmérica : _bla lucha por la libertad / _cEugenio María de Hostos ; estudio preliminar, Manuel Maldonado-Denis. |
| 250 | _aEd. especial | ||
| 264 |
_aSan Juan, Puerto Rico : _bcompromiso, _c1988. |
||
| 300 |
_a336 páginas ; _c23 cm. |
||
| 336 |
_2rdacontent _atexto _btxt |
||
| 337 |
_2rdamedia _asin mediación _bn |
||
| 338 |
_2rdacarrier _avolumen _bnc |
||
| 500 | _a"Edición especial del sesquincentenario de Eugenio María de Hostos". | ||
| 500 | _a"Cronología de Hostos": p. 331-332. | ||
| 504 | _aBibliografía : p. 333-336. | ||
| 505 | 0 |
_aPrólogo -- _tIntroducción al pensamiento social de Eugenio María de Hostos / _rManuel Maldonado-Denis -- _tUna vida ejemplar -- _tHostos, sociólogo y maestro -- _tHostos, revolucionario antillano -- _gHéroes de la libertad -- _tEn la tumba de Segundo Ruíz Belvis -- _tRecuerdos de Betances -- _tLo que intentó Bolívar -- _tLuperón -- _tRetrato de Francisco V. Aguilera -- _tQuién era Maceo -- _tMáximo Gómez y la revolución de Cuba -- _tLa noticia de la muerte de Maceo -- _tEl soldado de la libertad -- _gCuba y la lucha por la libertad en Las Antillas -- _tPáginas del diario -- _t10 de octubre -- _tLa última hecatombe -- _tEl problema de Cuba -- _gLas Antillas y el futuro de América Latina -- _tAyacucho -- _tCarta al director de El Universal de Madrid -- _tIntervención en el Ateneo de Madrid -- _tPáginas del diario -- _tCarta al redactor de El Argentino -- _tCarta al presidente del Perú -- _tLa América Latina -- _gLa lucha por la presidencia de Puerto Rico -- _tCarta al director del Diario Cubano -- _tCarta a Emeterio Betances -- _tCarta a Frascisco Sellén -- _tCarta a Francisco de Arredondo y Miranda -- _tCarta a Ramón Vélez López -- _tCarta al presidente Horacio Vásquez -- _tCarta al director de La Correspondencia de Puertp Rico -- _tCartas al doctor Manuel Guzmán Rodríguez -- _tPrograma de los independientes -- _tA los puertorriqueños -- _tLa liga de patriotas -- _tLo que es la liga de patriotas -- _tCarta al general Gregorio Luperón -- _gLiteratura y Política -- _tPrólogo a la primera edición de La peregrinación de Bayón -- _tPrólogo a la segunda edición de La peregrinación de Bayón -- _tPlácido -- _gCronología de Hostos -- _gBibliografía escogida. |
|
| 590 | _aInventariado, 2019/BT | ||
| 650 | 4 |
_aAmérica latina _xHistoria _y1825-1900 _953808 |
|
| 700 | 1 |
_aMaldonado-Denis, Manuel, _98036 _eestudio preliminar |
|
| 910 | _aValidado. Control de calidad. MMOLINA | ||
| 942 |
_2ddc _cLBS1 |
||
| 999 |
_c26189 _d26189 |
||